| 000 | 01516cam a2200421 a 4500 | ||
|---|---|---|---|
| 001 | 16887276 | ||
| 003 | OSt | ||
| 005 | 20170105101151.0 | ||
| 008 | 110725s2009 ii b 000 0 eng d | ||
| 010 | _a 2011311156 | ||
| 020 | _a9788120336971 | ||
| 020 | _a8120336976 | ||
| 025 | _aI-E-2011-311156; 71-90; 71-08 | ||
| 035 | _a(OCoLC)ocn316324003 | ||
| 035 | _a(OCoLC)316324003 | ||
| 037 | _aLibrary of Congress -- New Delhi Overseas Office | ||
| 040 |
_aDKAGE _beng _cDKAGE _dDLC |
||
| 042 |
_alccopycat _alcode |
||
| 043 | _aaz----- | ||
| 050 | 0 | 0 |
_aKNC457 _b.S774 2009 |
| 082 | 0 | 4 |
_a347.54017 _222 |
| 245 | 0 | 0 |
_aStrengthening governance through access to justice / _ceditors, Amita Singh, Nasir Aslam Zahid. |
| 260 |
_aNew Delhi : _bPHI Learning, _c2009. |
||
| 300 |
_avii, 180 p. ; _c24 cm. |
||
| 500 | _aContributed articles. | ||
| 500 | _a"Eastern economy edition"--Cover. | ||
| 504 | _aIncludes bibliographical references. | ||
| 505 | 0 | _asection 1. Just space for the poor in judicial systems -- section 2. Procedural fairness and restorative justice. | |
| 650 | 0 |
_aJustice, Administration of _zSouth Asia. |
|
| 650 | 0 |
_aPoor laws _zSouth Asia. |
|
| 650 | 0 |
_aRestorative justice _zSouth Asia. |
|
| 700 | 1 |
_aSingh, Amita, _d1955- |
|
| 700 | 1 | _aZahid, Nasir Aslam. | |
| 856 | 4 | 1 |
_3Table of contents only _uhttp://www.loc.gov/catdir/toc/fy13pdf01/2011311156.html |
| 906 |
_a7 _bcbc _ccopycat _d2 _encip _f20 _gy-gencatlg |
||
| 942 |
_2ddc _cBK |
||
| 999 |
_c2422 _d2422 |
||